2222-多治見市(岐阜県)の駅 - Statistics

General Stats
  • This quiz has been taken 5 times
  • The average score is 4 of 5
Answer Stats
Answer % Correct
多治見
100%
古虎渓
100%
小泉
100%
60%
根本
40%
No matching quizzes found
Score Distribution
Percent of People with Each Score
Percentile by Number Answered
Your Score History
You have not taken this quiz